|
|
|
|
| LEADER |
00767cam a2200217 7i4500 |
| 001 |
0000052968 |
| 005 |
20191014090000.0 |
| 020 |
|
|
|a 9789834720001 (pbk.)
|
| 090 |
0 |
0 |
|a HF5686.C8
|b C67 2017
|
| 245 |
0 |
0 |
|a Cost and management accounting
|c Noraihan Mamat Zambi ... [et al.].
|
| 260 |
|
|
|a Shah Alam, Selangor:
|b Oxford Fajar,
|c 2017.
|
| 300 |
|
|
|a viii, 280 p.;
|c 25 cm.
|
| 650 |
0 |
0 |
|a Managerial accounting
|
| 650 |
0 |
0 |
|a Cost accounting
|
| 700 |
0 |
|
|a Noraihan Mamat Zambi
|
| 997 |
|
|
|a Business & Accountancy, Faculty
|
| 998 |
|
|
|a Accountancy, Diploma
|
| 998 |
|
|
|a Accountancy, Degree
|
| 999 |
|
|
|a 0000067287
|b BOK
|c OPEN SHELF
|e 1st Floor, Shah Alam
|
| 999 |
|
|
|a 0000067288
|b BOK
|c OPEN SHELF
|e 1st Floor, Shah Alam
|
| 999 |
|
|
|a 0000067289
|b BOK
|c OPEN SHELF
|e 1st Floor, Shah Alam
|